Development and Agroforestry. (Record no. 2866)

MARC details
000 -LEADER
fixed length control field 00562nam a22001937a 4500
003 - CONTROL NUMBER IDENTIFIER
control field OSt
005 - DATE AND TIME OF LATEST TRANSACTION
control field 20151215132736.0
008 - FIXED-LENGTH DATA ELEMENTS--GENERAL INFORMATION
fixed length control field 151215b xxu||||| |||| 00| 0 eng d
020 ## - INTERNATIONAL STANDARD BOOK NUMBER
International Standard Book Number 0855984643
040 ## - CATALOGING SOURCE
Transcribing agency DDC
082 ## - DEWEY DECIMAL CLASSIFICATION NUMBER
Classification number 634.99DEV 2002
100 ## - MAIN ENTRY--PERSONAL NAME
Personal name Edited by Steven Franzel;[et.....al]
9 (RLIN) 6577
245 ## - TITLE STATEMENT
Title Development and Agroforestry.
Remainder of title Scaling Up the Impacts of Research.
260 ## - PUBLICATION, DISTRIBUTION, ETC. (IMPRINT)
Place of publication, distribution, etc. uk
Name of publisher, distributor, etc. Oxfam
Date of publication, distribution, etc. 2002
300 ## - PHYSICAL DESCRIPTION
Extent xii,202p;
Other physical details ill;
Dimensions 22cm
504 ## - BIBLIOGRAPHY, ETC. NOTE
Bibliography, etc References,Resources and index are included
650 ## - SUBJECT ADDED ENTRY--TOPICAL TERM
Topical term or geographic name as entry element Development.
9 (RLIN) 612
942 ## - ADDED ENTRY ELEMENTS (KOHA)
Source of classification or shelving scheme Dewey Decimal Classification
Koha item type Short Loan
Holdings
Withdrawn status Lost status Source of classification or shelving scheme Damaged status Not for loan Home library Current library Date acquired Source of acquisition Inventory number Total Checkouts Full call number Barcode Date last seen Price effective from Koha item type
    Dewey Decimal Classification     MUST Main Library MUST Main Library 15/12/2015   07/28640   634.99DEV 2002 2015-2987 15/12/2015 15/12/2015 Short Loan
    Dewey Decimal Classification     MUST Main Library MUST Main Library 13/05/2016   2007/28639   634.99DEV 2002 2016-1864 13/05/2016 13/05/2016 Short Loan